| 000 | 00445nam a2200181Ia 4500 | ||
|---|---|---|---|
| 001 | 11196 | ||
| 005 | 20260306161928.0 | ||
| 008 | 260306t1994||||xx |||||||||||||| ||spa|| | ||
| 041 | _aESP | ||
| 082 |
_a980.013 _bG63 |
||
| 100 |
_aGómez Mango, Lídice M. _eAUT |
||
| 245 | 0 | _aLas lenguas en la formación de los pueblos hispanoamericanos | |
| 260 | _c1994 | ||
| 300 |
_a _c |
||
| 650 | _aGEN | ||
| 654 | _aCHU | ||
| 942 |
_cLIB _dJUS _fJUS _2ddc _n |
||
| 999 |
_c11196 _d11196 |
||